| 000 | 00986nam a22003617a 4500 | ||
|---|---|---|---|
| 005 | 20250819105439.0 | ||
| 008 | 160607b2007 xxu||||| |||| 00| 0 spa d | ||
| 020 | _a9968315354 | ||
| 041 | _aESP | ||
| 082 | _a338.9 L789a | ||
| 100 |
_aLizana Ibáñez, Fernanda _910999 |
||
| 245 | _aAnálisis del desempeño social y económico de Costa Rica: seminario de realidad nacional | ||
| 260 | _aCosta Rica | ||
| 260 | _bEUNED | ||
| 260 | _c2007 | ||
| 300 | _a192 páginas | ||
| 490 | _aDirección y Administración de Empresas | ||
| 650 | _aDESARROLLO SOCIAL | ||
| 650 | _aCOSTA RICA | ||
| 650 | _aDESARROLLO ECONÓMICO | ||
| 650 | _aDESEMPEÑO SOCIAL | ||
| 650 | _aANÁLISIS SOCIAL | ||
| 650 | _aEMPLEO | ||
| 650 | _aVIVIENDA | ||
| 650 | _aEDUCACIÓN | ||
| 650 | _aSEGURIDAD SOCIAL | ||
| 650 | _aESTRUCTURA PRODUCTIVA | ||
| 650 | _aIMPORTACIONES | ||
| 650 | _aEXPORTACIONES | ||
| 650 | _aINFLACIÓN | ||
| 650 | _aANÁLISIS ECONÓMICO | ||
| 942 |
_cBK _2ddc |
||
| 999 |
_c8257 _d8257 |
||